000 00477nam a22001217a 4500
999 _c21357
_d21357
008 240906b ||||| |||| 00| 0 eng d
100 _aEsposo, Sheila Magaling.
_eauthor.
_960272
245 _aSchool health and nutrition activities /
_cSheila Magaling Esposo.
260 _aPhilippines;
_bPublishers Association of the Philippines, Inc.,
_cJuly 2019.
300 _aVolume 168, pages 68,
_billustration.
700 _aEsposo, Sheila Magaling.
_eauthor.
_960272
942 _2ddc
_cPER